High speed rail (Record no. 112044)
[ view plain ]
| 000 -LEADER | |
|---|---|
| fixed length control field | 01234cad a22002055a 4500 |
| 001 - CONTROL NUMBER | |
| control field | L152408 |
| 008 - FIXED-LENGTH DATA ELEMENTS--GENERAL INFORMATION | |
| fixed length control field | 110302s2011 xxk f 000 0 eng d |
| 035 ## - SYSTEM CONTROL NUMBER | |
| System control number | (Sirsi) u152408 |
| 041 0# - LANGUAGE CODE | |
| Language code of text/sound track or separate title | eng |
| 110 2# - MAIN ENTRY--CORPORATE NAME | |
| Corporate name or jurisdiction name as entry element | Department of Transport |
| 9 (RLIN) | 1172 |
| 245 00 - TITLE STATEMENT | |
| Title | High speed rail |
| Remainder of title | investing in Britain's future |
| -- | consultation |
| Medium | [electronic resource] |
| 260 ## - PUBLICATION, DISTRIBUTION, ETC. | |
| Place of publication, distribution, etc. | London |
| Name of publisher, distributor, etc. | DoT |
| Date of publication, distribution, etc. | 2011 |
| 520 ## - SUMMARY, ETC. | |
| Summary, etc. | Consultation on government proposals for a high speed rail network. A 'Y' shaped network is planned linking London, the West Midlands, Manchester and Leeds, with stations in South Yorkshire and the East Midlands, and links to existing lines to enable through-running services to other cities including Liverpool, Newcastle and Edinburgh. Journey times would be brought down with London to Birmingham achieved within 45 minutes and Manchester and Leeds within 80 minutes or less. The consultation runs until 29 July 2011. |
| 590 ## - LOCAL NOTE (RLIN) | |
| Local note | KA NTK |
| 651 #4 - SUBJECT ADDED ENTRY--GEOGRAPHIC NAME | |
| Geographic name | England and Wales |
| Chronological subdivision | 1543- |
| 651 #4 - SUBJECT ADDED ENTRY--GEOGRAPHIC NAME | |
| Geographic name | Scotland |
| Chronological subdivision | 1999- |
| 690 ## - LOCAL SUBJECT ADDED ENTRY--TOPICAL TERM (OCLC, RLIN) | |
| Topical term or geographic name as entry element | PROPERTY-INFRASTRUCTURE |
| 856 40 - ELECTRONIC LOCATION AND ACCESS | |
| Uniform Resource Identifier | <a href="https://highspeedrail.dft.gov.uk/sites/highspeedrail.dft.gov.uk/files/hsr-consultation.pdf">https://highspeedrail.dft.gov.uk/sites/highspeedrail.dft.gov.uk/files/hsr-consultation.pdf</a> |
| Public note | View the consultation free of charge at http://highspeedrail.dft.gov.uk/ |
| 942 ## - ADDED ENTRY ELEMENTS (KOHA) | |
| Suppress in OPAC | 0 |
| Withdrawn status | Lost status | Source of classification or shelving scheme | Damaged status | Not for loan | Home library | Current library | Shelving location | Date acquired | Total Checkouts | Full call number | Barcode | Date last seen | Copy number | Price effective from | Koha item type |
|---|---|---|---|---|---|---|---|---|---|---|---|---|---|---|---|
| Dewey Decimal Classification | Virtual | Virtual | Online | 02/03/2011 | ONLINE PUBLICATION | 152408-2001 | 06/08/2019 | 1 | 06/08/2019 | Book |